[Event "Klubbmesterskapet 2024 (A)"]
[Site "Ås, Akershus NOR"]
[Date "2024.02.08"]
[Round "3"]
[White "Slettmoen, Markus"]
[Black "Kielland-Lund, Jon"]
[Result "1/2-1/2"]
[WhiteElo "1687"]
[BlackElo "1714"]
[PlyCount "40"]

1. e4 c6 {[%cal Bc7c6,Bc6c5][%mdl 32]} 2. d4 d5 3. e5 c5 4. c3 Nc6 5. Nf3 Bg4 6. Bf4 {[%eval -26,22]} (6. dxc5 $14 {[%eval 34,21]} e6 7. b4) 6... cxd4 $11 7. cxd4 Bxf3 8. gxf3 {Black is slightly better.} Qb6 9. Nc3 Qxd4 $2 {[%eval 155,25]} (9... e6 $15 {[%eval -39,22] keeps the upper hand.}) 10. Qb3 $2 {[%eval -5,24]} O-O-O {[%cal Be8c8,Bc8d7,Bd7d6][%mdl 32]} (10... Qxf4 $2 11. Qxb7 Qxe5+ 12. Be2 $18) 11. Be3 {[%eval -59,25]} (11. Ne2 $11 {[%eval 1,27]} Qc4 12. e6) 11... Qxe5 $15 {[#] And now ...d4 would win.} 12. Rc1 {[%eval -136,23]} (12. f4 $142 {[%eval -80,26]} Qf5 13. Bb5) 12... d4 $17 13. Ne4 dxe3 $2 {[%eval -1,21]} (13... e6 $17 {[%eval -152,23]} 14. Bd2 Nge7 {Her røk vinsten.} 15. Kd1 Qc7 16. Ng5 Nd5 17. Bb5 Bd6 18. h4) 14. Rxc6+ $1 $11 {The position is equal.} bxc6 15. Ba6+ Kd7 16. Qb7+ Qc7 $1 17. Nc5+ Kd6 18. Ne4+ Kd7 $1 19. Nc5+ Kd6 {Weighted Error Value: White=0.50/Black=0.56 Alle andre varianter taper for hvit - bare prøv!} 1/2-1/2

[Event "Klubbmesterskapet 2024 (A)"]
[Site "Ås, Akershus NOR"]
[Date "2024.02.08"]
[Round "3"]
[White "Smith, Robert M"]
[Black "Arvola, Daniel"]
[Result "0-1"]
[WhiteElo "1464"]
[BlackElo "1390"]
[PlyCount "106"]
[EventDate "2024.01.25"]

1. e4 c5 2. c3 Nf6 3. e5 Nd5 4. d4 cxd4 5. Nf3 e6 6. cxd4 d6 7. Bc4 Nb6 8. Bd3 Nc6 9. Bg5 Be7 10. Bxe7 Qxe7 11. Nc3 dxe5 12. dxe5 O-O 13. O-O Rd8 14. Qe2 Nb4 15. Bb1 N4d5 16. Qc2 g6 17. Nb5 f6 18. exf6 Qxf6 19. Re1 Bd7 20. Nbd4 Rac8 21. Qe2 Nf4 22. Qf1 Rc5 23. g3 e5 24. Nb3 Bh3 25. Nxc5 Bxf1 26. Kxf1 Ne6 27. Nxe6 Qxe6 28. Nxe5 Qh3+ 29. Kg1 Qe6 30. Bc2 Qf6 31. Bb3+ Kg7 32. Rac1 Rc8 33. Rcd1 Re8 34. f4 g5 35. Rc1 Re7 36. Kh1 h5 37. Red1 a5 38. a4 g4 39. Rd8 Kh7 40. Rcd1 Rxe5 41. Bg8+ Kg7 42. fxe5 Qxe5 43. b3 Qe2 44. R8d2 Qe4+ 45. Rg2 Kxg8 46. Rd8+ Kf7 47. Rd1 Nd5 48. Kg1 Nf6 49. Rf2 Kg7 50. Rdf1 Qe3 51. Kh1 Ne4 52. Rf7+ Kg6 53. Rxb7 Nf2+ 0-1

[Event "Klubbmesterskapet 2024 (A)"]
[Site "Ås, Akershus NOR"]
[Date "2024.02.15"]
[Round "3"]
[White "Johansen, Anders Sten"]
[Black "Andersen, Odd"]
[Result "1-0"]
[WhiteElo "1719"]
[BlackElo "1697"]
[PlyCount "129"]
[EventDate "2024.01.25"]

1. e4 e5 2. Nc3 Nc6 3. Bc4 Nf6 4. d3 Be7 5. f4 d6 6. Nf3 Bg4 7. h3 Be6 8. Nd5
Nd7 9. f5 Bxd5 10. Bxd5 Bh4+ 11. Ke2 Be7 12. Be3 Nf6 13. Bb3 Na5 14. Ba4+ Nc6
15. g4 h6 16. Rg1 Qd7 17. Bb3 d5 18. exd5 Nxd5 19. Bxd5 Qxd5 20. Qd2 Nd4+ 21.
Bxd4 exd4 22. Qf4 O-O-O 23. Qe5 Bf6 24. Qxd5 Rxd5 25. Kf2 Rc5 26. Rac1 Rb5 27.
Rb1 a5 28. Rge1 Kd7 29. h4 Re8 30. Rxe8 Kxe8 31. Kg3 Rd5 32. Re1+ Kd7 33. Kf4
c5 34. g5 hxg5+ 35. hxg5 Bd8 36. Ne5+ Kc8 37. Ke4 Rd6 38. Nc4 Rd7 39. Rh1 Kc7
40. Ne5 Re7 41. Kd5 b6 42. c3 f6 43. gxf6 gxf6 44. Ng4 Rd7+ 45. Ke4 dxc3 46.
bxc3 Kc6 47. Rh6 Re7+ 48. Kf3 Rg7 49. Nxf6 Kb5 50. Ne4 Rd7 51. Ke3 Ka4 52. Rh2
Re7 53. Rf2 Rf7 54. d4 cxd4+ 55. Kxd4 b5 56. Ke5 Re7+ 57. Kd5 Bb6 58. Rf3 Re8
59. Nc5+ Ka3 60. c4+ Kxa2 61. cxb5 a4 62. Nxa4 Bc7 63. f6 Ra8 64. f7 Rf8 65.
Nc5 1-0

[Event "Klubbmesterskapet 2024 (B)"]
[Site "Ås, Akershus NOR"]
[Date "2024.02.08"]
[Round "3"]
[White "Heien, Aksel"]
[Black "Nicolaisen, Lars-Henrik Nystøyl"]
[Result "1/2-1/2"]
[WhiteElo "1320"]
[BlackElo "1288"]
[PlyCount "112"]

1. e4 c6 2. d4 d5 3. Nc3 dxe4 4. Nxe4 Bf5 5. Ng3 Bg6 6. Nf3 Nd7 7. h4 h6 8. h5 Bh7 9. Bd3 Bxd3 10. Qxd3 Ngf6 11. Bf4 e6 12. Be5 Qa5+ 13. c3 Nxe5 14. Nxe5 Bd6 15. Nc4 Qd5 16. Nxd6+ Qxd6 17. Ne4 Nxe4 18. Qxe4 O-O 19. O-O-O Qd5 20. Qxd5 exd5 21. Rde1 Rfe8 22. Kd2 a5 23. Re3 Rxe3 24. fxe3 Re8 25. Rf1 Re6 26. Rf4 Kf8 27. a4 Ke7 28. Kd3 b5 29. axb5 cxb5 30. Rf5 Rd6 31. Re5+ Kd7 32. e4 dxe4+ 33. Kxe4 Rb6 34. g4 f6 35. Rd5+ Ke6 36. Rc5 Rb7 37. d5+ Ke7 38. Rc6 Kf7 39. d6 Ke6 40. Rc7 Rb8 41. d7 Rd8 42. Rb7 b4 43. cxb4 axb4 44. Rxb4 Rxd7 45. Rb6+ Kf7 46. b4 Re7+ 47. Kf4 Rc7 48. b5 Rc4+ 49. Kg3 Rb4 50. Rb7+ Ke6 51. b6 Kd6 52. Rxg7 Rxb6 53. Rg6 Ke7 54. Rxh6 Kf7 55. Kh4 Kg7 56. Rg6+ Kf7 1/2-1/2

[Event "Klubbmesterskapet 2024 (B)"]
[Site "Ås, Akershus NOR"]
[Date "2024.02.08"]
[Round "3"]
[White "Ring, Paul Christian"]
[Black "Kvedalen, Sindre"]
[Result "1-0"]
[WhiteElo "1208"]
[BlackElo "1214"]
[PlyCount "85"]
[EventDate "2024.01.25"]

1. e4 Nf6 2. e5 Nd5 3. d4 d6 4. Nf3 Bf5 5. Bc4 Nb6 6. Bb3 Nc6 7. Ng5 e6 8. f4
dxe5 9. dxe5 Qxd1+ 10. Kxd1 O-O-O+ 11. Bd2 Bg4+ 12. Ke1 Rd7 13. h3 Bf5 14. g4
Bg6 15. c3 h6 16. Nxe6 Be4 17. Nxf8 Rxf8 18. Rh2 Kb8 19. Be3 Nd5 20. Bc5 Rfd8
21. Nd2 Bg6 22. f5 Nxe5 23. Bd4 Nd3+ 24. Kf1 Bh7 25. Bxg7 h5 26. Ne4 hxg4 27.
Nf6 Ne3+ 28. Kg1 Rd6 29. Nxh7 Nxf5 30. Bf6 Nh4 31. Bxh4 Rh8 32. Be7 Rd7 33. Bf6
Rxh7 34. hxg4 Rxh2 35. Kxh2 Nxb2 36. Re1 b6 37. Re2 Rd6 38. Bd4 Rh6+ 39. Kg3
Nd3 40. Re8+ Kb7 41. Bd5+ c6 42. Re7+ Kb8 43. Bxf7 1-0

[Event "Klubbmesterskapet 2024 (A)"]
[Site "Ås, Akershus NOR"]
[Date "2024.02.22"]
[Round "4"]
[White "Lea, Per"]
[Black "Andersen, Odd"]
[Result "0-1"]
[WhiteElo "1713"]
[BlackElo "1697"]
[Annotator "Lea,Per"]
[PlyCount "50"]
[EventDate "2024.01.25"]

1. c4 e5 2. g3 Nf6 3. Bg2 Nc6 4. Nc3 Bc5 5. e3 a6 6. Nf3 d6 7. O-O Bg4 8. h3
Bh5 9. g4 Nxg4 10. hxg4 Bxg4 11. a3 (11. d4 Bb6 12. c5 $1 dxc5 13. dxe5 $18)
11... a5 12. Ne2 (12. d4 $1 exd4 13. exd4 Nxd4 14. Re1+ Ne6 15. Bg5 Bxf3 16.
Qd2 Qd7 $18) 12... f5 13. Nh2 (13. d4 Ba7 14. b4 h5 15. b5 $18) 13... O-O 14.
Nxg4 fxg4 15. d4 Bb6 16. Bxc6 $2 (16. c5 $1 dxc5 17. dxc5 Qxd1 18. Rxd1 Bxc5
19. Ng3 $18) 16... bxc6 17. dxe5 $2 (17. c5 Ba7 18. Qa4 exd4 19. exd4 dxc5 20.
dxc5 Bxc5 21. Qxg4 Bxf2+ 22. Rxf2 Qd1+ 23. Kg2 Rxf2+ 24. Kxf2 Rf8+ 25. Kg2 Qf1+
26. Kg3 Qe1+ 27. Kh3 Qh1+ {1/2-1/2}) 17... Qh4 $1 18. Nf4 $4 (18. Ng3 Rf3 19.
c5 Bxc5 20. Qc2 Raf8 21. b4 Qh3 22. Bd2 Rxg3+ 23. fxg3 Qxg3+ 24. Kh1 Qh3+ 25.
Kg1 g3 26. Rxf8+ Kxf8 27. Rf1+ Ke8 28. Bc1 $18) 18... Rxf4 $3 19. exf4 g3 $2
$11 (19... Qg3+ $3 20. Kh1 Qh3+ 21. Kg1 g3 {0-1}) 20. Kg2 Qh2+ 21. Kf3 g2 22.
Rg1 dxe5 23. Rxg2 $4 (23. f5 $11) 23... e4+ $3 24. Kxe4 Qxg2+ 25. f3 Re8+ 0-1

[Event "Klubbmesterskapet 2024 (A)"]
[Site "Ås, Akershus NOR"]
[Date "2024.02.29"]
[Round "4"]
[White "Arvola, Daniel"]
[Black "Johansen, Anders Sten"]
[Result "1/2-1/2"]
[WhiteElo "1390"]
[BlackElo "1719"]
[PlyCount "134"]
[EventDate "2024.01.25"]

1. e4 c5 2. Nf3 d6 3. d4 cxd4 4. Nxd4 Nf6 5. Nc3 a6 6. Be3 e5 7. Nb3 Be6 8. f3
h5 9. Nd5 Bxd5 10. exd5 Nbd7 11. Qd2 g6 12. Be2 Bg7 13. O-O b6 14. c3 O-O 15.
a4 Re8 16. c4 a5 17. Qc2 Nc5 18. Nd2 Qc7 19. Ne4 Nfxe4 20. fxe4 Qe7 21. Rf3 Rf8
22. Bd3 Rac8 23. b3 Kh7 24. Raf1 Kh8 25. Qd1 Rb8 26. Bc2 Nd7 27. Qd2 Kh7 28.
Qf2 f6 29. Qh4 Bh6 30. g4 Bxe3+ 31. Rxe3 Qg7 32. Kh1 g5 33. Qxh5+ Qh6 34. Qxh6+
Kxh6 35. Kg2 Kg6 36. Rb1 Kf7 37. Rh3 Ke7 38. Rh7+ Rf7 39. Rxf7+ Kxf7 40. Kg3
Rc8 41. Rh1 Kg6 42. h4 Kg7 43. h5 Kf7 44. Kf3 Ke7 45. Rb1 Kf7 46. Ke3 Ke7 47.
Kd2 Kd8 48. Kc3 Kc7 49. b4 axb4+ 50. Kxb4 Nc5 51. Rf1 Nd7 52. Ra1 Rb8 53. Kc3
Ra8 54. Kd2 Nf8 55. Rf1 Nh7 56. Kc3 Ra5 57. Rb1 Ra8 58. Bd1 Ra5 59. Rb5 Rxb5
60. cxb5 Kb7 61. Kb4 Ka7 62. a5 Kb7 63. h6 Ka7 64. Be2 Nf8 65. Bd3 Nh7 66.
axb6+ Kxb6 67. Bc4 Nf8 1/2-1/2

[Event "Klubbmesterskapet 2024 (A)"]
[Site "Ås, Akershus NOR"]
[Date "2024.03.14"]
[Round "4"]
[White "Kielland-Lund, Jon"]
[Black "Smith, Robert M"]
[Result "1/2-1/2"]
[WhiteElo "1839"]
[BlackElo "1698"]
[Annotator "Tactical Analysis 5.3 (5s)"]
[PlyCount "79"]
[EventDate "2024.01.25"]

1. c4 e6 2. d4 Nf6 3. g3 d5 4. Nf3 Be7 5. Bg2 dxc4 6. O-O O-O 7. Qc2 a6 8. a4 c5 9. dxc5 Bxc5 10. Qxc4 Nbd7 {[%cal Ob7b5]} 11. b4 b5 {[%eval 91,23]} (11... Be7 $1 $11 {[%eval 15,21]}) 12. Qh4 {[%eval 20,24]} ({Worse is} 12. axb5 axb5 13. Qc3 Bxb4 $1 {[%mdl 512]} 14. Qxb4 Rxa1 $17) (12. Qc2 $1 $16 {[%eval 91,23]} Bb6 13. a5) 12... Be7 $11 13. axb5 Nd5 {Against Nc3} 14. Qe4 {[%eval -7,22]} (14. Bg5 $14 {[%eval 42,24] deserves consideration.}) 14... N7f6 15. Qd3 Nxb4 16. Qxd8 Rxd8 {[#]} 17. Nd4 $1 Nfd5 ({Weaker is} 17... Rxd4 18. Bxa8 axb5 19. Bb2 $16) 18. Bd2 {[%eval 1,23]} (18. e4 $14 {[%eval 67,23]} Nb6 19. Nc6 Nxc6 20. bxc6) 18... Bf6 19. e3 {[%eval -49,23]} (19. Bxb4 $11 {[%eval 1,25]} Bxd4 20. Ra4) 19... e5 $2 {[%eval 188,23]} (19... Bxd4 $15 {[%eval -49,23] keeps the upper hand.} 20. exd4 Nc2) 20. Nc6 $18 Nxc6 21. bxc6 {Ba5 is the strong threat.} Be6 22. e4 {[%eval 77,25]} ({White should play} 22. Rc1 {[%eval 159,23]}) 22... Nc7 {[%eval 154,24]} (22... Ne7 $142 {[%eval 77,25]}) 23. Ba5 {[%eval 10,26]} (23. Rc1 $16 {[%eval 154,24]}) 23... Rdc8 $1 $11 24. Nc3 {And now Nd5 would win.} Ne8 {[%eval 133,22] [#]} (24... Nb5 $11 {[%eval -1,25] remains equal.}) 25. Nd5 {[%eval -9,24] White is more active.} (25. c7 $1 $16 {[%eval 133,22] En nærmere analyse gir helt lik stilling.}) 25... Rxc6 26. Nxf6+ {[%eval -79,26]} (26. Rfd1 $11 {[%eval -6,22]}) 26... Nxf6 {[%eval -27,23]} ({Better is} 26... gxf6 $17 {[%eval -79,26]} 27. Rfc1 Rxc1+ 28. Rxc1 Nd6) 27. Rfc1 Rac8 28. Rxc6 Rxc6 29. f3 Bc4 {[%eval -1,25]} (29... h6 $15 {[%eval -44,23]}) 30. Bh3 {[%eval -47,26]} (30. Bc3 $11 {[%eval -1,25]}) 30... Bb5 31. Rd1 {Rd8+ would kill now.} h6 {[%eval -1,26]} (31... g5 $15 {[%eval -41,26] is superior.}) 32. Rd2 {[%eval -44,24]} (32. Rd8+ $11 {[%eval -1,26] should be considered.} Kh7 33. Rf8) 32... Rc1+ {[%eval -13,26]} (32... Ne8 $15 {[%eval -44,24] feels stronger.}) 33. Kf2 {The position is equal.} Rh1 34. Kg2 Ra1 35. Bc3 {[%csl Ba1,Be5] A strong pair of Bishops.} Rc1 36. Bb2 Rc5 37. Ba3 Rc3 38. Bb2 Rc5 39. Ba3 Rc3 {Weighted Error Value: White=0.36/Black=0.41 Som en avsluttende kommentar, ser det jo ut som det var mange ubrukte muligheter, men nærmere analyser viser at balansen stort sett opprettholdes.} 40. Bb2 1/2-1/2

[Event "Klubbmesterskapet 2024 (A)"]
[Site "Ås, Akershus NOR"]
[Date "2024.02.29"]
[Round "4"]
[White "Holm, Bjarne"]
[Black "Samset, Jon"]
[Result "1-0"]
[WhiteElo "1719"]
[BlackElo "1350"]
[PlyCount "49"]

1. c4 Nf6 2. Nc3 g6 3. g3 d6 4. Bg2 e5 5. e3 Bg7 6. Nge2 O-O 7. O-O Nc6 8. d4
Bd7 9. h3 Qc8 10. Kh2 e4 11. Nxe4 Nxe4 12. Bxe4 Bxh3 13. Bg2 Bxg2 14. Kxg2 Ne7
15. Rh1 Qg4 16. Qd3 Rfe8 17. f3 Qd7 18. Bd2 Nf5 19. e4 Qe7 20. Rae1 Nxg3 21.
Nxg3 h5 22. Kf2 h4 23. Ne2 g5 24. Reg1 Qf6 25. Bxg5 1-0

[Event "Klubbmesterskapet 2024 (B)"]
[Site "Ås, Akershus NOR"]
[Date "2024.02.29"]
[Round "4"]
[White "Nicolaisen, Lars-Henrik Nystøyl"]
[Black "Innset-Ekkje, Amandus"]
[Result "0-1"]
[WhiteElo "1288"]
[BlackElo "1340"]
[PlyCount "100"]
[EventDate "2024.01.25"]

1. d4 e6 2. Nf3 Nf6 3. Bf4 c5 4. e3 Nc6 5. Be2 d5 6. h3 a6 7. Nbd2 Qb6 8. dxc5 Qxb2 9. O-O Qa3 10. Nb3 Na5 11. Bc7 Nxb3 12. cxb3 Bxc5 13. Rb1 O-O 14. Qc2 Bd7 15. Be5 Be7 16. b4 Rac8 17. Qb2 Qxb2 18. Rxb2 Ne4 19. Bd3 Nd6 20. Bxd6 Bxd6 21. e4 dxe4 22. Bxe4 Bc6 23. Bxc6 Rxc6 24. a3 Rfc8 25. Rd2 Bf4 26. Rd7 R6c7 27. Rxc7 Rxc7 28. Rd1 g6 29. a4 Rc4 30. Rb1 Bd6 31. Rd1 Bxb4 32. Rd7 Bc5 33. Ne5 Rd4 34. Rxb7 Bd6 35. f4 Bxe5 36. fxe5 Rxa4 37. Kf2 Ra5 38. Rb6 Rxe5 39. Rxa6 Kg7 40. Ra7 Kf6 41. Kf3 h5 42. h4 Rb5 43. Ra3 Rb4 44. g3 Kf5 45. Ra5+ e5 46. Ra3 e4+ 47. Kg2 Kg4 48. Ra2 Rb3 49. Re2 f5 50. Kf2 Rxg3 0-1

[Event "Klubbmesterskapet 2024 (B)"]
[Site "Ås, Akershus NOR"]
[Date "2024.03.14"]
[Round "4"]
[White "Thowsen, Alf Geir"]
[Black "Ring, Paul Christian"]
[Result "1-0"]
[WhiteElo "1606"]
[BlackElo "1551"]
[PlyCount "81"]
[EventDate "2024.01.25"]

1. d4 d5 2. c4 e6 3. Nc3 Nf6 4. e3 g6 5. Bd3 Bg7 6. Nf3 O-O 7. O-O Nbd7 8. Qc2
b6 9. cxd5 exd5 10. Re1 c5 11. Bd2 Bb7 12. Rac1 Re8 13. Nb5 Qb8 14. Qb1 a6 15.
Nc3 Qd6 16. Rc2 c4 17. Bf1 b5 18. a3 Ne4 19. Rec1 Ndf6 20. Ne2 g5 21. Bb4 Qd7
22. Ne5 Qf5 23. f3 Ng4 24. Nxg4 h5 25. Nf2 Nf6 26. Ng3 Qd7 27. Rc3 h4 28. Ne2
g4 29. fxg4 Nxg4 30. Nf4 Bh6 31. N2h3 Nxe3 32. Re1 Qg4 33. Rcxe3 Rxe3 34. Rxe3
Bxf4 35. Nxf4 Qxf4 36. Re7 Qxd4+ 37. Kh1 Bc6 38. Bc3 Qg4 39. Rc7 d4 40. Bxd4
Bxg2+ 41. Bxg2 1-0

[Event "Klubbmesterskapet 2024 (B)"]
[Site "Ås, Akershus NOR"]
[Date "2024.03.14"]
[Round "4"]
[White "Heien, Aksel"]
[Black "Hedman, Viktor Mattias Larøi"]
[Result "0-1"]
[WhiteElo "1578"]
[BlackElo "1548"]
[PlyCount "104"]
[EventDate "2024.01.25"]

1. e4 e5 2. Nf3 Nc6 3. Bc4 Bc5 4. c3 Nf6 5. d4 exd4 6. e5 d5 7. Bb5 Ne4 8. cxd4
Bb4+ 9. Bd2 Nxd2 10. Nbxd2 Bd7 11. Bxc6 Bxc6 12. O-O O-O 13. Re1 Bd7 14. a3 Ba5
15. b4 Bb6 16. Qc2 a5 17. Rec1 axb4 18. axb4 Qe7 19. Qc3 Bb5 20. Nb3 c6 21. Nc5
Bxc5 22. Qxc5 Qxc5 23. bxc5 Ra6 24. Rxa6 bxa6 25. Ra1 Ra8 26. Nd2 Kf8 27. Nb3
Rb8 28. Na5 Ba4 29. g3 Rb4 30. f4 Rxd4 31. Nb7 Rb4 32. Nd6 d4 33. Ra2 d3 34.
Rd2 Bc2 35. Nf5 a5 36. Ne3 a4 37. Nxc2 dxc2 38. Rxc2 a3 39. Ra2 Rb1+ 40. Kg2
Rb2+ 41. Rxb2 axb2 42. Kf3 b1=Q 43. h4 h5 44. Ke2 Qc2+ 45. Kf3 Qxc5 46. Ke2 Ke7
47. Kf1 Qc2 48. Kg1 Ke6 49. Kf1 Kd5 50. Kg1 Ke4 51. Kf1 Ke3 52. Kg1 Kf3 0-1

[Event "Klubbmesterskapet 2024 (A)"]
[Site "Ås, Akershus NOR"]
[Date "2024.03.07"]
[Round "5"]
[White "Samset, Jon"]
[Black "Lea, Per"]
[Result "1-0"]
[WhiteElo "1350"]
[BlackElo "1713"]
[Annotator "Lea,Per"]
[PlyCount "53"]
[EventDate "2024.01.25"]

1. e4 e5 2. d4 exd4 3. c3 dxc3 4. Bc4 cxb2 5. Bxb2 d5 6. Bxd5 Nf6 7. Bxf7+ Kxf7
8. Qxd8 Bb4+ 9. Qd2 Bxd2+ 10. Nxd2 Re8 11. Bxf6 Kxf6 12. Ngf3 Bf5 13. e5+ Kf7
14. O-O Nc6 15. Rfe1 Rad8 16. Nc4 Nd4 $2 (16... h6) 17. Nxd4 (17. Nd6+ $1 cxd6
18. Nxd4 Be6 19. exd6 Rxd6 20. Nxe6 Rdxe6 $11) 17... Rxd4 18. Rac1 Re7 19. Na5
Rb4 (19... Bc8 $17) 20. a3 Rb5 21. Nc4 Bd3 22. f4 Rc5 23. e6+ (23. Ne3 $11)
23... Kf6 $2 (23... Kf8) 24. Ne3 $1 Rxc1 $4 25. Nd5+ Kf5 26. Nxe7+ Kxf4 27.
Rxc1 1-0

[Event "Klubbmesterskapet 2024 (A)"]
[Site "Ås, Akershus NOR"]
[Date "2024.03.07"]
[Round "5"]
[White "Smith, Robert M"]
[Black "Furnes, Torstein"]
[Result "1/2-1/2"]
[WhiteElo "1464"]
[BlackElo "1669"]
[Annotator "Furnes,Torstein"]
[PlyCount "57"]
[EventDate "2024.01.25"]

1. e4 c5 2. c3 d5 3. exd5 Qxd5 4. d4 Nf6 5. Nf3 e6 6. Na3 a6 7. Be2 cxd4 8. cxd4 Bxa3 9. Qa4+ Nc6 ({Stockfish vil heller spille} 9... Bd7 10. Qxa3 Bb5) 10. Qxa3 Nxd4 $6 $16 {Vinner bonde, men Stockfish er ikke begeistret for trekket og mener hvit nå har en fordel på +1.} 11. Nxd4 Qxd4 12. Be3 Qe5 {Det er litt irriterende med dronningen på a3 som gjør at jeg ikke får rokert med det første.} 13. Rd1 Bd7 14. O-O Bc6 15. f4 Qf5 16. Qd6 Nd5 $2 $18 (16... Qe4 17. Rf3 Nd5 $11 {er bedre.}) 17. Bf3 $11 ({Hvit vinner etter} 17. Bc5 Qf6 18. f5 Rd8 19. Qg3 e5 20. Rfe1 $18) 17... Nxe3 18. Bxc6+ bxc6 19. Qxc6+ Ke7 20. Rd7+ Kf6 21. Qc3+ Kg6 22. Qxe3 Rhc8 23. Qg3+ Kf6 ({Svart taper etter} 23... Kh6 $4 24. Rxf7 $1 Qg6 (24... Qxf7 $4 25. Qg5#) 25. Qh3+ Qh5 26. Qxe6+ $18) 24. h3 g6 25. Qg5+ Kg7 26. Qxf5 exf5 {Stockfish vurderer stillingen nå som død remis resten av partiet.} 27. Re1 Rc2 28. Ree7 Rf8 29. Rb7 1/2-1/2

[Event "Klubbmesterskapet 2024 (A)"]
[Site "Ås, Akershus NOR"]
[Date "2024.03.07"]
[Round "5"]
[White "Johansen, Anders Sten"]
[Black "Kielland-Lund, Jon"]
[Result "1/2-1/2"]
[WhiteElo "1719"]
[BlackElo "1714"]
[PlyCount "60"]
[EventDate "2024.01.25"]

1. e4 c6 2. d4 d5 3. exd5 cxd5 4. Bd3 Nc6 5. c3 Qc7 6. h3 g6 7. Nf3 Nf6 8. O-O Bg7 9. Re1 Bf5 {[%eval 112,23]} (9... O-O $11 {[%eval 27,20]}) 10. Na3 {[%eval -1,23]} (10. Bxf5 $16 {[%eval 112,23] Strongly threatening Bc2.} gxf5 11. Nh4) 10... Bxd3 $11 11. Qxd3 a6 12. Nc2 O-O 13. Ne5 Nd7 {[%eval 81,22]} (13... Ne4 $11 {[%eval -11,21]}) 14. Nxd7 {[%eval 2,22] White is more active.} (14. Nxc6 $16 {[%eval 81,22]} Qxc6 15. Rxe7) 14... Qxd7 15. Bf4 Rac8 {[%eval 21,22]} (15... e6 $142 {[%eval -15,20]}) 16. Ne3 e6 17. Ng4 h5 18. Ne5 Nxe5 19. Bxe5 Bxe5 20. Rxe5 Kg7 21. g4 {[%eval -61,26]} (21. Qd2 $11 {[%eval 1,23]}) 21... hxg4 $15 22. hxg4 Rh8 23. Rae1 {[%eval -107,28]} (23. Kg2 $15 {[%eval -59,27] deserves consideration.}) 23... Rh4 $17 24. Qg3 Rch8 25. g5 Rh3 26. Qf4 R8h4 $36 {[%mdl 2048] Keeping White busy.} 27. Qf6+ Kg8 {[#] ( -> ...Rg4+)} 28. Kg2 Rh2+ 29. Kg1 Rh1+ {[%eval -70,5]} ({Black should play} 29... Qc7 $19 {[%eval -173,29] ...b5 is the strong threat.} 30. Qf3 Qc4) 30. Kg2 $15 R1h2+ $2 {[%eval -1,38] Weighted Error Value: White=0.26 (precise) /Black=0.22 (precise)} ({Better is} 30... Rxe1 $19 {[%eval -171,29]} 31. Rxe1 e5) 1/2-1/2

[Event "Klubbmesterskapet 2024 (A)"]
[Site "Ås, Akershus NOR"]
[Date "2024.03.07"]
[Round "5"]
[White "Andersen, Odd"]
[Black "Arvola, Daniel"]
[Result "0-1"]
[WhiteElo "1697"]
[BlackElo "1390"]
[PlyCount "86"]
[EventDate "2024.01.25"]

1. d4 Nf6 2. Nf3 e6 3. c4 d5 4. Qc2 c6 5. g3 Bd6 6. Na3 O-O 7. c5 Bc7 8. Bf4 Nbd7 9. Bxc7 Qxc7 10. Bg2 a5 11. O-O e5 12. dxe5 Nxe5 13. Qc3 Nxf3+ 14. Bxf3 Re8 15. Rfd1 Qe7 16. Rac1 Ne4 17. Qd4 Bf5 18. Nb1 g5 19. Bg2 g4 20. Nd2 Ng5 21. Qf4 Bc8 22. Rc3 d4 23. Rd3 Nh3+ 24. Bxh3 gxh3 25. Rxd4 Qxc5 26. Nf3 Qf5 27. Qd2 Be6 28. Nh4 Qe5 29. Nf3 Qg7 30. Rh4 Qf6 31. Rf4 Qg7 32. Kf1 Bd5 33. Nd4 Qe5 34. Rg4+ Kh8 35. Rh4 Bg2+ 36. Kg1 Rad8 37. Qh6 Qg7 38. Qxg7+ Kxg7 39. Rc1 Rd5 40. Rf4 Red8 41. Nf5+ Kf8 42. Ne3 Rd2 43. Nxg2 Rd1+ 0-1

[Event "Klubbmesterskapet 2024 (B)"]
[Site "Ski, Akershus NOR"]
[Date "2024.03.12"]
[Round "5"]
[White "Hedman, Viktor Mattias Larøi"]
[Black "Nicolaisen, Lars-Henrik Nystøyl"]
[Result "0-1"]
[WhiteElo "1548"]
[BlackElo "1566"]
[PlyCount "92"]
[EventDate "2024.01.25"]

1. e4 c6 2. d4 d5 3. exd5 cxd5 4. Nf3 Bg4 5. h3 Bxf3 6. Qxf3 Nc6 7. Bb5 e6 8. O-O Nf6 9. Bf4 Qb6 10. Bxc6+ bxc6 11. Qb3 Be7 12. Nd2 Qxd4 13. Qb7 O-O 14. Be3 Qb4 15. Qxc6 Rfc8 16. Qa6 Rxc2 17. Nb3 Ne4 18. Rfc1 Rac8 19. Qxc8+ Rxc8 20. Rxc8+ Bf8 21. Bc5 Nxc5 22. Nxc5 g6 23. Nd7 Qb7 24. Rxf8+ Kg7 25. Rd8 Qc7 26. Rb8 Qxd7 27. Rc1 d4 28. Rb3 e5 29. Re1 d3 30. Rd1 e4 31. Rb4 Qd5 32. a4 f5 33. Rb5 Qc6 34. b4 Qc2 35. Re1 Qxa4 36. Ra5 Qxb4 37. Rxa7+ Kh6 38. g3 Qd4 39. Rc7 d2 40. Rd1 e3 41. Kf1 Qd3+ 42. Kg2 Qe2 43. Rf1 d1=Q 44. Rc1 Qxc1 45. Rxc1 Qxf2+ 46. Kh1 e2 0-1

[Event "Klubbmesterskapet 2024 (A)"]
[Site "Ås, Akershus NOR"]
[Date "2024.03.21"]
[Round "6"]
[White "Lea, Per"]
[Black "Arvola, Daniel"]
[Result "1/2-1/2"]
[WhiteElo "1833"]
[BlackElo "1729"]
[Annotator "Lea,Per"]
[PlyCount "67"]
[EventDate "2024.01.25"]

1. c4 e6 2. g3 Nf6 3. Bg2 Nc6 4. Nf3 d5 5. d4 Bd6 6. O-O O-O 7. b3 b6 8. Bb2 Ba6 9. Ne5 Ne7 10. Nc3 c6 11. Rc1 Rc8 12. cxd5 $2 (12. Re1 $14) 12... cxd5 13. Qd2 Nf5 14. Rfd1 Qe7 15. e4 dxe4 16. Nxe4 Nd5 17. Nxd6 (17. Nc6 Qd7 18. Ne5 Qe7 (18... Bxe5 19. dxe5 $14) 19. Nc6 $11) 17... Qxd6 18. Nc4 Qd8 19. Ba3 Re8 20. g4 $2 (20. Ne3 $11) 20... Nh4 $1 $17 21. Nd6 Rxc1 22. Rxc1 Rf8 (22... Nxg2 $1 23. Kxg2 Qh4 24. h3 (24. Nxe8 $4 Qxg4+ 25. Kh1 Qf3+ 26. Kg1 {0-1} Nf4) 24... Rd8 $19) 23. Ne4 $2 (23. Bxd5 exd5 24. Qf4 $11) 23... Nxg2 (23... Re8 24. h3 $17 (24. Nd6 Nxg2 25. Kxg2 Qh4 $1 $19)) 24. Bxf8 $4 (24. Kxg2 Qh4 25. Qg5 Qxg5 26. Nxg5 Nf4+ 27. Kf3 Ne2) 24... Ngf4 25. Bd6 Ne2+ 26. Kh1 Nxc1 27. Qxc1 f5 (27... Bb7 $1) (27... Bd3 $1) 28. gxf5 exf5 $2 (28... Bd3 $1 29. f3 Bxe4 30. fxe4 Qxd6 31. exd5 Qxd5+ 32. Kg1 Qxd4+ 33. Kg2 Qg4+ 34. Kh1 Qxf5 {0-1}) 29. Qc6 $1 Ne7 30. Bxe7 Qxe7 31. Qd5+ Qf7 32. Qd8+ Qf8 33. Qd5+ Qf7 34. Qd8+ 1/2-1/2